NBA MVP's - Statistics

General Stats
  • This quiz has been taken 38 times
    4 since last reset
  • The average score is 41 of 68
Answer Stats
Year Answer % Correct
2008 Kobe Bryant
100%
2013 LeBron James
100%
2012 LeBron James
100%
2010 LeBron James
100%
2009 LeBron James
100%
2000 Shaquille O'Neal
100%
2016 Stephen Curry
100%
2015 Stephen Curry
100%
2001 Allen Iverson
67%
1956 Bob Pettit
67%
1993 Charles Barkley
67%
2011 Derrick Rose
67%
2007 Dirk Nowitzki
67%
2020 Giannis Antetokounmpo
67%
2019 Giannis Antetokounmpo
67%
2018 James Harden
67%
2023 Joel Embiid
67%
1981 Julius Erving
67%
1980 Kareem Abdul-Jabbar
67%
1977 Kareem Abdul-Jabbar
67%
1976 Kareem Abdul-Jabbar
67%
1974 Kareem Abdul-Jabbar
67%
1972 Kareem Abdul-Jabbar
67%
1999 Karl Malone
67%
1997 Karl Malone
67%
2014 Kevin Durant
67%
2004 Kevin Garnett
67%
1986 Larry Bird
67%
1985 Larry Bird
67%
1984 Larry Bird
67%
1971 Lew Alcindor
67%
1998 Michael Jordan
67%
1996 Michael Jordan
67%
1992 Michael Jordan
67%
1991 Michael Jordan
67%
1988 Michael Jordan
67%
2022 Nikola Jokic
67%
2021 Nikola Jokic
67%
2017 Russell Westbrook
67%
2006 Steve Nash
67%
2005 Steve Nash
67%
2003 Tim Duncan
67%
2002 Tim Duncan
67%
1968 Wilt Chamberlain
67%
1967 Wilt Chamberlain
67%
1966 Wilt Chamberlain
67%
1960 Wilt Chamberlain
67%
1965 Bill Russell
33%
1963 Bill Russell
33%
1962 Bill Russell
33%
1961 Bill Russell
33%
1958 Bill Russell
33%
1978 Bill Walton
33%
1957 Bob Cousy
33%
1975 Bob McAdoo
33%
1959 Bob Pettit
33%
1973 Dave Cowens
33%
1995 David Robinson
33%
1994 Hakeem Olajuwon
33%
1990 Magic Johnson
33%
1989 Magic Johnson
33%
1987 Magic Johnson
33%
1983 Moses Malone
33%
1982 Moses Malone
33%
1979 Moses Malone
33%
1964 Oscar Robertson
33%
1969 Wes Unseld
33%
1970 Willis Reed
33%
No matching quizzes found
Score Distribution
Percent of People with Each Score
Percentile by Number Answered
Your Score History
You have not taken this quiz since the last reset